000 00510nam a2200181Ia 4500
001 7616
005 20260306160508.0
008 260306t2008||||xx |||||||||||||| ||spa||
041 _aESP
082 _a352.2830985
_bM22 2008
100 _aManzur Suárez, Víctor
_eAUT
245 0 _aBalance del proceso peruano de descentralización desde los gobiernos regionales:
_bel caso de Arequipa
260 _c2008
300 _a71 páginas :
_c24 cm.
650 _aGEN
654 _aCAN
942 _cLIB
_dJUS
_fJUS
_2ddc
_n
999 _c7616
_d7616